Základné predpisy pre hospodárenie rozpočtových a príspevkových organizácií s dôvodovými správami

Gespeichert in:
Bibliographische Detailangaben
Format: Buch
Sprache:Slowakisch
Veröffentlicht: Bratislava : Miroslav Mračko - Epos, 1996
Schlagworte:
Online-Zugang:OBSAH
Tags: Tag hinzufügen
Keine Tags, Fügen Sie das erste Tag hinzu!

MARC

LEADER 00000nam a22000003a 4500
001 stu46232
005 20150408180310.7
008 980213s1996----cs------------------slo-d
020 |a 80-88810-33-7 
040 |a STU  |b slo 
041 0 |a slo 
044 |a cs 
080 |a 338.26(083.133) 
245 |a Základné predpisy pre hospodárenie rozpočtových a príspevkových organizácií s dôvodovými správami 
260 |a Bratislava :  |b Miroslav Mračko - Epos,  |c 1996 
300 |a 192 s 
650 7 |a hospodárenie  |2 stusub 
650 7 |a predpisy základné  |2 stusub 
856 4 |a https://sweb.mtf.stuba.sk/obsahy/zakladne_predpisy_pre_hospodarenie_rozpoctovych_a_prisp_org_96.pdf  |u https://sweb.mtf.stuba.sk/obsahy/zakladne_predpisy_pre_hospodarenie_rozpoctovych_a_prisp_org_96.pdf  |3 OBSAH 
996 |b 284M034213  |c M*9805-1  |l MMST  |s A  |a 24  |w stu46232_0001